00462nam a22001457a 4500003000400000005001700004008003500021040002500056245004900081260004300130300002500173942001300198952008800211999001700299OSt20201016134306.0201012b 1999 sp a 00| 0 eng d aDO-SdBNPbspacBNPHU00aLa empresa vasca en los mercados exteriores. aBilbao, España :bConfebask, c1999. a62 p. bil. c21 cm. 2ddccLF1 00102ddc708MOaGRbGRcCTd2020-10-12eCOPARDOM l0r2020-10-12w2020-10-12yLF1 c48858d48858